Statistics for Top 10 Best-Selling Board Games of All Time

Click here to take the quiz!

General Stats

  • This quiz has been taken 36 times
  • The average score is 5 of 10

Answer Stats

HintAnswer% Correct
3Monopoly
93%
1Chess
82%
2Checkers
68%
5Clue
61%
9Candy Land
39%
4Scrabble
39%
8Backgammon
32%
6Battleship
32%
7Trivial Pursuit
29%
10Rummikub
7%

Score Distribution

Percentile by Number Answered

Percent of People with Each Score

Your Score History

You have not taken this quiz